Statistics for Marvel Actors by Movie

Click here to take the quiz!

General Stats

  • This quiz has been taken 88 times
    (64 since last reset)
  • The average score is 38 of 83

Answer Stats

HintAnswer% Correct
Iron ManTony Stark/Iron ManRobert Downey Jr.
98%
ThorThorChris Hemsworth
94%
Captain America: The First AvengerSteve Rogers/Captain AmericaChris Evans
92%
LokiTom Hiddleston
88%
Guardians of the GalaxyPeter Quill/Star-LordChris Pratt
86%
Clint Barton/HawkeyeJeremy Renner
86%
Doctor StrangeStephen Strange/Doctor StrangeBenedict Cumberbatch
84%
Peter Parker/Spider-ManTom Holland
84%
Ant-ManScott Lang/Ant-ManPaul Rudd
84%
Pepper PottsGwyneth Paltrow
84%
James Buchanan BarnesSebastian Stan
84%
Nick FurySamuel L. Jackson
82%
The AvengersBruce Banner/HulkMark Ruffalo
82%
Captain America: Civil WarT'Challa/Black PantherChadwick Boseman
80%
Avengers: Age of UltronWanda Maximoff/Scarlet WitchElizabeth Olsen
80%
Captain America: The Winter SoldierSam Wilson/FalconAnthony Mackie
80%
VisionPaul Bettany
80%
GrootVin Diesel
78%
James Rhodes/War MachineDon Cheadle
78%
Jane FosterNatalie Portman
78%
GamoraZoe Saldana
78%
Iron Man 2Natalia Romanova/Black WidowScarlett Johansson
78%
ThanosJosh Brolin
73%
Drax the DestroyerDave Bautista
73%
Rocket RaccoonBradley Cooper
73%
HeimdallIdris Elba
71%
NebulaKaren Gillan
65%
Black PantherErik KillmongerMichael B. Jordan
57%
UltronJames Spader
55%
MichelleZendaya
55%
OdinAnthony Hopkins
53%
Happy HoganJon Favreau
53%
Pietro Maximoff/QuicksilverAaron-Taylor Johnson
51%
Hank PymMichael Douglas
51%
Thor: RagnarokGrandmasterJeff Goldblum
49%
HelaCate Blanchett
47%
ValkyrieTessa Thompson
45%
Hope PymEvangeline Lily
45%
The CollectorBenicio del Toro
43%
Peggy CarterHayley Atwell
43%
Ancient OneTilda Swinton
43%
Guardians of the Galaxy Vol. 2Ego the Living PlanetKurt Russell
41%
May ParkerMarisa Tomei
39%
Adrian Toomes/VultureMichael Keaton
39%
Iron MongerJeff Bridges
39%
Trevor SlatteryBen Kingsley
39%
Ulysess KlaueAndy Serkis
37%
KorgTaika Waititi
37%
Johann Schmidt/Red SkullHugo Weaving
37%
Ivan Vanko/WhiplashMickey Rourke
35%
YonduMichael Rooker
33%
Phil CoulsonClark Gregg
33%
MantisPom Klementieff
33%
NakiaLupita Nyong'o
31%
Darcy LewisKat Dennings
31%
Ronan the AccuserLee Pace
29%
M'BakuWinston Duke
27%
OkoyeDanai Gurira
25%
Christine PalmerRachel McAdams
24%
Everett RossMartin Freeman
24%
Iron Man 3Aldrich KillianGuy Pearce
24%
RamondaAngela Bassett
22%
KaeciliusMads Mikkelsen
22%
EitriPeter Dinklage
22%
StarhawkSylvester Stallone
22%
CrossbonesFrank Grillo
20%
Sharon CarterEmily VanCamp
18%
Spider-Man: HomecomingNedJacob Batalon
18%
SkurgeKarl Urban
16%
Baron MordoChiwetel Ejiofor
14%
ShuriLetita Wright
14%
Liz AllanLaura Harrier
12%
Corpsman DeyJohn C. Reilly
12%
W'KabiDaniel Kaluuya
10%
Flash ThompsonTony Revolori
10%
Darren Cross/YellowjacketCorey Stoll
10%
Thor: Dark WorldMalekith the AccursedChristopher Eccleston
10%
Proxima MidnightCarrie Coon
8%
Ebony MawTom Vaughan-Taylor
8%
SurturClancy Brown
8%
Avengers: Infinity WarCorvus GlaiveMichael James Shaw
6%
Cull ObsidianTerry Notary
6%
Alexander PierceRobert Redford
2%

Score Distribution

Percentile by Number Answered

Percent of People with Each Score

Your Score History

You have not taken this quiz since the last reset